01701cam a2200409 a 4500952014000000999001700140001000900157003000400166005001700170008004100187010001700228020001800245020001500263040001900278042000800297043001200305050002300317082002200340100003000362110003300392245008300425246005400508246005400562260004900616300003100665500004300696500003300739650002800772651003400800651004700834651002600881856010600907856009101013856009201104906004501196942005001241 00102ddc40708PRODUCTIONaMESbMEScECO d2019-02-20g895.00l0o338.954009 COM/Mp36036r2019-02-20 00:00:00w2019-02-20yBKzGL8R5 c11120d1112016857323OSt20201105095316.0110705s2011 ii ab s f000 0 eng  a 2011432063 a9780198072058 a0198072058 aDLCcoclcdDLC apcc aa-ii---00aHC435.3b.I39 2011 a338.954009bCOM/M 91018aPlanning Commission1 aIndia.bPlanning Commission.10aMid-term Appraisal Eleventh Five Year Plan (2007-2012) /c Planning Commission3 aMid-term appraisal 11th five year plan, 2007-201217aMid-term appraisal of the eleventh five year plan aNew Delhi :bOxford University Press,c2011. a473 pbill., map ;c28 cm. a"Planning Commission, Govt. of India." aIncludes statistical tables. 0aFinance, PubliczIndia. 0aIndiaxEconomic policyy1991- 0aIndiaxEconomic policyy1991-vStatistics. 0aIndiaxSocial policy.423Contributor biographical informationuhttp://www.loc.gov/catdir/enhancements/fy1409/2011432063-b.html423Publisher descriptionuhttp://www.loc.gov/catdir/enhancements/fy1409/2011432063-d.html413Table of contents onlyuhttp://www.loc.gov/catdir/enhancements/fy1409/2011432063-t.html a7bcbccorigoded3encipf20gy-gencatlg 2ddccBKh338.954009iCOM/Mk338.954009mCOM/M